Nba starters 2022-2023 (No injuries) - Statistics

General Stats
  • This quiz has been taken 381 times
  • The average score is 103 of 150
Answer Stats
Hint Answer % Correct
SF Jayson Tatum
100%
PF Patrick Williams
98%
C Robert Williams III
98%
PF Al Horford
97%
SG Jaylen Brown
97%
PG James Harden
92%
PG Marcus Smart
92%
PF Giannis Antetokounmpo
91%
C Joel Embiid
91%
C Mo Bamba
90%
SG Donovan Mitchell
88%
PG Jrue Holiday
88%
PG Trae Young
88%
SG Tyrese Maxey
87%
C Brook Lopez
86%
SG Dejounte Murray
86%
PG Jamal Murray
86%
PF Jimmy Butler
86%
PF Keegan Murray
86%
SF Khris Middleton
86%
PG Darius Garland
85%
SG Grayson Allen
85%
C Jarrett Allen
85%
PG Lamelo Ball
85%
PG Lonzo Ball
85%
C Nikola Jokic
85%
SF Lebron James
84%
C Pascal Siakam
84%
PG Damion Lillard
83%
SF Demar Derozan
83%
PF Draymond Green
83%
PG Jalen Brunson
83%
SG Jalen Green
83%
PF Julius Randle
83%
SG Mikal Bridges
83%
SG Paul George
83%
PG Stephen Curry
83%
SF Tobias Harris
83%
SG Zach Lavine
83%
PG Ja Morant
82%
PF Josh Green
82%
PF Karl Anthony-Towns
82%
PG Kyle Lowry
82%
SG Kyrie Irving
82%
PG Luka Doncic
82%
C Anthony Davis
81%
SG Bradley Beal
81%
PG Cade Cunningham
81%
PF Evan Mobley
81%
SF Kawhi Leonard
81%
SG Klay Thompson
81%
C Rudy Gobert
81%
PG Shai Gilgeous-Alexander
81%
SF Anthony Edwards
80%
SF Cam Johnson
80%
PG Chris Paul
80%
C Clint Capela
80%
PG De'Aaron Fox
80%
SG Devin Booker
80%
C Domantas Sabonis
80%
PG Fred Vanvleet
80%
C Jalen Duran
80%
PF Jaren Jackson Jr.
80%
SF Keegan Johnson
80%
PF Kevin Durant
80%
PG Tyrese Haliburton
80%
C Deandre Ayton
78%
SF Harrison Barnes
78%
C Mitchell Robinson
78%
C Nikola Vucevic
78%
PF Scottie Barnes
78%
PF Zion Williamson
78%
PF John Collins
77%
C Zach Collins
77%
PF Aaron Gordon
76%
SF Eric Gordon
76%
PG Kevin Porter Jr.
76%
SF Michael Porter Jr.
76%
C Myles turner
76%
PF Dorian Finney-Smith
75%
PF Jabari Smith Jr.
75%
C Nic Claxton
75%
C Steven Adams
75%
SG Tyler Herro
75%
SF Andrew Wiggins
74%
SF RJ Barrett
74%
SG Brandon Ingram
72%
SG D'Angelo Russell
72%
SG Desmond Bane
72%
C Ivica Zubac
71%
C Kevon Looney
71%
SG Terry Rozier
71%
C Jusuf Nurkic
70%
PF Paolo Banchero
70%
PF PJ Tucker
70%
SF Dillon Brooks
68%
PF Kristaps Porzingis
68%
C Bam Adebayo
67%
SG Josh Giddey
67%
PG Mike Conley
66%
SF Buddy Hield
64%
PG Spencer Dinwiddie
63%
SF De'Andre Hunter
62%
SF Lauri Markkanen
62%
SF OG Anunoby
62%
SF Bojan Bogdanovic
61%
PG CJ McCollum
61%
SF Kyle Kuzma
61%
PF Jerami Grant
60%
SG Kentavious Caldwell-Pope
60%
SG Anfernee Simons
59%
PG Cole Anthony
59%
C Mason Plumlee
57%
SF Lou Dort
56%
PG Tre Jones
56%
SF Gordon Hayward
54%
SF Isaac Okoro
54%
SG Jordan Clarkson
54%
C Alperen Sengun
53%
SG Kevin Huerter
53%
PG Collin Sexton
51%
C Jonas Valanciunas
51%
PF PJ Washington
51%
C Christian Wood
49%
SG Gary Trent Jr.
49%
SG Jalen Suggs
48%
C Walker Kessler
48%
PF Marcus Morris Sr.
47%
PG Monte Morris
47%
PF Chet Holmgren
46%
SF Caleb Martin
45%
PF Rui Hachimura
44%
SF Jaden Mcdaniels
39%
SG Killian Hayes
39%
PF Sadiq Bey
38%
SF Tim Hardaway Jr.
38%
C Daniel Gafford
36%
PG Dennis Schroder
34%
SG Derrick Rose
33%
PF Jeremy Sochan
32%
C Aleksej Pokusevski
29%
PF Kelly Olynyk
26%
PG Terance Mann
26%
SF Torrey Craig
26%
SF Trey Murphy III
26%
SF Johnathon Isaac
22%
SG Andrew Nembhard
20%
PF Aaron Nesmith
17%
SF Cameron Reddish
17%
SG Romeo Langford
2%
No matching quizzes found
Score Distribution
Percent of People with Each Score
Percentile by Number Answered
Your Score History
You have not taken this quiz